|
|
|
|
| LEADER |
00000nam0a2200000 4500 |
| 001 |
241619 |
| 005 |
20231101231829.0 |
| 010 |
|
|
|a 5648002637
|
| 035 |
|
|
|a (RuTPU)RU\TPU\book\262895
|
| 090 |
|
|
|a 241619
|
| 100 |
|
|
|a 20130808d1990 k y0rusy50 ca
|
| 101 |
0 |
|
|a rus
|
| 102 |
|
|
|a UZ
|
| 105 |
|
|
|a a z 001zy
|
| 200 |
1 |
|
|a Стратиформное свинцово-цинковое оруденение Учкулачского рудного поля
|f П. В. Панкратьев [и др.]
|g Академия наук Узбекской ССР (АН УзССР), Институт геологии и геофизики им. Х. М. Абдуллаева ; под ред. И. Х. Хамрабаева
|
| 210 |
|
|
|a Ташкент
|c Фан
|d 1990
|
| 215 |
|
|
|a 233 с.
|c ил.
|
| 320 |
|
|
|a Библиогр.: с. 226-282.
|
| 606 |
1 |
|
|a Свинцово-цинковые месторождения
|x Происхождение
|2 stltpush
|3 (RuTPU)RU\TPU\subj\54218
|9 72376
|
| 610 |
1 |
|
|a оруденение
|
| 610 |
1 |
|
|a Средняя Азия
|
| 610 |
1 |
|
|a стратиформные месторождения
|
| 610 |
1 |
|
|a геологическое строение
|
| 610 |
1 |
|
|a рудообразование
|
| 610 |
1 |
|
|a рудообразование гидротермальное
|
| 610 |
1 |
|
|a регенерация
|
| 675 |
|
|
|a 553.44
|v 3
|
| 701 |
|
1 |
|a Панкратьев
|b П. В.
|
| 701 |
|
1 |
|a Михайлова
|b Ю. В.
|
| 701 |
|
1 |
|a Завалишин
|b С. Н.
|
| 701 |
|
1 |
|a Донец
|b А. И.
|
| 702 |
|
1 |
|a Хамрабаев
|b И. Х.
|4 340
|
| 712 |
0 |
2 |
|a Академия наук Узбекской ССР (АН УзССР)
|b Институт геологии и геофизики им. Х. М. Абдуллаева
|c (Ташкент)
|2 stltpush
|3 (RuTPU)RU\TPU\col\14202
|
| 801 |
|
1 |
|a RU
|b 63413507
|c 20130808
|
| 801 |
|
2 |
|a RU
|b 63413507
|c 20131114
|g RCR
|
| 942 |
|
|
|c BK
|